000 00752nam a2200205 a 4500
001 15944
003 CO-ViMGA
008 141112s2004 ck r 000 u spa d
040 _aCO-ViMGA
_bspa
_cCO-ViMGA
082 0 4 _a868.998 M178m
100 1 _aMarún, Gioconda
_922888
245 1 0 _aEl modernismo Argentino incógnito en la ondina del plata y revista literaria (1875 - 1880)
260 _aBogotá,
_cInstituto Caro y Cuervo,
_c1993
300 _a212.p.
590 _aForma de adquisición : Donación Biblioteca Nacional 2003 - - Precio :
_10.000
650 1 4 _aLA ONDINA DEL PLATA - HISTORIA Y CRITICA
_922889
650 1 4 _aLITERATURA ARGENTINA - HISTORIA Y CRITICA
_952851
650 1 4 _aMODERNISMO LITERARIO - ARGENTINA
_922890
942 _2ddc
_cBK
999 _c25941
_d25941